000 00478nam a2200157Ia 4500
008 150223s9999 xx 000 0 und d
020 _a9781592286201
050 _aGV 943.4
_b.L686 1998
100 _aLover, Stanley.
245 _aSoccer rules explained :
_brevised and updated /
_cStanley Lover.
250 _aRevised Ed.
260 _aUSA :
_bThe Lyons Press,
_c2005
300 _a187 pages :
_bIllustration ;
_c21 cm.
504 _aIncludes Index.
650 _aSoccer
_xRules
999 _c283327
_d283327